Минералогия урана восстановительной зоны гипергенеза (по данным электронной микроскопии)

Detalles Bibliográficos
Autor Principal: Дойникова О. А. Ольга Александровна
Autor Corporativo: Российская академия наук (РАН) Институт геологии рудных месторождений, петрографии, минералогии и геохимии (ИГЕМ)
Summary:В монографии всесторонне рассмотрены мало изученные ранее урановые черни, сложенные минералами четырехвалентного урана. Обобщены и схематизированы закономерности гипергенного минералообразования урана, объединяющие все типы его рудного концентрирования. Минерализация разновалентных форм рудного элемента — уранильная (U6+) и черневая (U4+) — рассматривается как проявление единой окислительно-восстановительной зоны гипергенеза. Приведены примеры урановых месторождений различных генетических типов с черневыми рудами. Минеральный состав урановых черней детализирован с применением локальных методов аналитической электронной микроскопии (АЭМ); выявлено новое минеральное семейство фосфатов четырехвалентного урана. Поскольку комплекс методов АЭМ является наиболее эффективным инструментом исследования рыхлого вещества, значительную часть книги занимает методический раздел с описанием практики кристаллохимического исследования дисперсных, плохо окристаллизованных (в том числе метамиктных) минералов урана. Рассмотрение на конкретных примерах метода микродифракционного изучения вещества полезно для исследователей разного профиля, применяющих электронную микроскопию.
Idioma:ruso
Publicado: Москва, Физматлит, 2012
Subjects:
Formato: Libro
KOHA link:https://koha.lib.tpu.ru/cgi-bin/koha/opac-detail.pl?biblionumber=283017

MARC

LEADER 00000nam0a2200000 4500
001 283017
005 20231101235544.0
010 |a 9785922113885 
035 |a (RuTPU)RU\TPU\book\307037 
035 |a RU\TPU\book\270349 
090 |a 283017 
100 |a 20150204d2012 k y0rusy50 ca 
101 0 |a rus 
102 |a RU 
105 |a a z 001zy 
200 1 |a Минералогия урана восстановительной зоны гипергенеза (по данным электронной микроскопии)  |f О. А. Дойникова  |g Российская академия наук (РАН), Институт геологии рудных месторождений, петрографии, минералогии и геохимии (ИГЕМ) 
210 |a Москва  |c Физматлит  |d 2012 
215 |a 216 с.  |c ил. 
320 |a Библиогр.: с. 201-215. 
330 |a В монографии всесторонне рассмотрены мало изученные ранее урановые черни, сложенные минералами четырехвалентного урана. Обобщены и схематизированы закономерности гипергенного минералообразования урана, объединяющие все типы его рудного концентрирования. Минерализация разновалентных форм рудного элемента — уранильная (U6+) и черневая (U4+) — рассматривается как проявление единой окислительно-восстановительной зоны гипергенеза. Приведены примеры урановых месторождений различных генетических типов с черневыми рудами. Минеральный состав урановых черней детализирован с применением локальных методов аналитической электронной микроскопии (АЭМ); выявлено новое минеральное семейство фосфатов четырехвалентного урана. Поскольку комплекс методов АЭМ является наиболее эффективным инструментом исследования рыхлого вещества, значительную часть книги занимает методический раздел с описанием практики кристаллохимического исследования дисперсных, плохо окристаллизованных (в том числе метамиктных) минералов урана. Рассмотрение на конкретных примерах метода микродифракционного изучения вещества полезно для исследователей разного профиля, применяющих электронную микроскопию. 
606 1 |a Уран  |x Минералогия  |2 stltpush  |3 (RuTPU)RU\TPU\subj\71184  |9 85209 
610 1 |a гипергенез 
610 1 |a электронная микроскопия 
610 1 |a дисперсные минералы 
610 1 |a изучение 
610 1 |a АПЭМ 
610 1 |a урановые черни 
675 |a 549.2  |v 3 
700 1 |a Дойникова  |b О. А.  |g Ольга Александровна 
712 0 2 |a Российская академия наук (РАН)  |b Институт геологии рудных месторождений, петрографии, минералогии и геохимии (ИГЕМ)  |c (Москва)  |2 stltpush  |3 (RuTPU)RU\TPU\col\236 
801 1 |a RU  |b 63413507  |c 20140123 
801 2 |a RU  |b 63413507  |c 20150211  |g RCR 
942 |c BK 
959 |a 10/20140123  |d 1  |e 275,00  |f ЧЗТЛ:1